000 00588nam a22001457a 4500
020 _a978-0-00-739517-0
082 _a823
_bSHE/A
100 _aSHELDON,SIDNEY
245 _aAFTER THE DARKNESS
260 _aLONDON
_bHARPPER COLLINS
300 _a391
520 _aThe book revolves around the character of Grace Brookstein who finds herself trapped in an impossible situation and her struggle to get away is what drives the story of the book. Written in the popular Sheldon style narration, this book goes beyond the readers' imagination.
650 _aNOVAL ENGLISH
_zLONDON
942 _cBK
999 _c3435
_d3435